[Event "ESP-ch U18"]
[Site "Salobrena"]
[Date "2022.08.01"]
[Round "1"]
[White "Fuentes Guinot, Angel"]
[Black "Cesar Maestre, Bernardo"]
[Result "0-1"]
[WhiteElo "1794"]
[BlackElo "2343"]
[PlyCount "210"]
[EventDate "2022.08.01"]
[EventType "swiss"]
[EventRounds "9"]
[EventCountry "ESP"]
[SourceTitle "EXT 2023"]
[Source "ChessBase"]
[SourceDate "2022.10.05"]
[SourceVersion "1"]
[SourceVersionDate "2022.10.05"]
[SourceQuality "1"]

1. d4 Nf6 2. Nf3 g6 3. Bf4 Bg7 4. e3 0-0 5. Be2 d6 6. 0-0 b6 7. h3 Bb7 8. a4 a6 9. Bh2 Nbd7 10. c4 Ne4 11. Nfd2 e5 12. Nxe4 Bxe4 13. Nd2 Bb7 14. Bf3 Bxf3 15. Nxf3 exd4 16. exd4 a5 17. Qd2 Re8 18. Rfe1 Qf6 19. Bg3 Qf5 20. b4 axb4 21. Qxb4 Rxe1+ 22. Rxe1 Nf8 23. c5 dxc5 24. dxc5 bxc5 25. Qb7 Rxa4 26. Re8 c4 27. Qxc7 c3 28. Kh2 Re4 29. Rc8 Re6 30. Qc4 Rb6 31. Qc7 Ra6 32. Qc4 Qe6 33. Qc5 Qb6 34. Qc4 Qa5 35. Rc7 Qa2 36. Qxa2 Rxa2 37. Ne5 c2 38. Rc8 Bh6 39. f4 Ra4 40. Rxc2 Bxf4 41. Bxf4 Rxf4 42. Kg3 Rf5 43. Nf3 Kg7 44. Ra2 Ne6 45. Ra6 Rb5 46. Ra7 Rb3 47. Kf2 Rb2+ 48. Kg3 Re2 49. Ra6 Nc5 50. Ra8 Ne4+ 51. Kh2 Nf6 52. Ra7 h6 53. Nd4 Re4 54. Nf3 Nh5 55. Ra2 Nf4 56. Kg3 g5 57. h4 Nh5+ 58. Kf2 g4 59. Nd2 g3+ 60. Kf1 Rxh4 61. Nf3 Rb4 62. Ke2 Rb3 63. Ra4 Rb2+ 64. Nd2 f5 65. Kd3 Nf6 66. Ra5 Kg6 67. Ke3 Ng4+ 68. Kd3 Nf2+ 69. Kc3 Rb6 70. Kd4 Rd6+ 71. Ke3 Ng4+ 72. Ke2 Nh2 73. Ra3 Re6+ 74. Kd3 Kg5 75. Ra8 h5 76. Nc4 Ng4 77. Nd2 Re3+ 78. Kd4 Re2 79. Nf3+ Kf4 80. Nh4 Rd2+ 81. Kc3 Rd5 82. Rh8 Nf6 83. Rf8 Ne4+ 84. Kc4 Ra5 85. Rh8 Kg4 86. Nf3 Ra2 87. Rg8+ Kf4 88. Nh4 Rf2 89. Kd3 Rd2+ 90. Kc4 Nf6 91. Rf8 Kg4 92. Ng6 Kg5 93. Ne5 Rxg2 94. Nf3+ Kf4 95. Nd4 Ke5 96. Nf3+ Ke4 97. Ne1 Re2 98. Rxf6 Rxe1 99. Re6+ Kf3 100. Rxe1 g2 101. Kd3 f4 102. Kd4 Kf2 103. Ra1 g1Q 104. Rxg1 Kxg1 105. Ke4 h4 0-1

[Event "ESP-ch U18"]
[Site "Salobrena"]
[Date "2021.07.31"]
[Round "9"]
[White "Pascual Garcia, Martin"]
[Black "Fuentes Guinot, Angel"]
[Result "1-0"]
[WhiteElo "1930"]
[BlackElo "1777"]
[PlyCount "75"]
[EventDate "2021.07.26"]
[EventType "swiss"]
[EventRounds "9"]
[EventCountry "ESP"]
[SourceTitle "CBM 203 Extra"]
[Source "ChessBase"]
[SourceDate "2021.09.30"]
[SourceVersion "1"]
[SourceVersionDate "2021.09.30"]
[SourceQuality "1"]

1. d4 Nf6 2. Nc3 c5 3. d5 g6 4. e4 d6 5. Be2 Bg7 6. Bf4 0-0 7. Nf3 Bg4 8. Nd2 Bxe2 9. Qxe2 Nbd7 10. h3 Ne8 11. 0-0 a6 12. a4 Ne5 13. Bh2 Rb8 14. f4 Nd7 15. e5 Qc7 16. Rfe1 Bh8 17. Nf3 Ng7 18. g4 h6 19. Qe4 b5 20. Nh4 b4 21. Ne2 Rbd8 22. e6 f5 23. Qg2 Nb6 24. gxf5 gxf5 25. Ng3 Rf6 26. Kh1 Kh7 27. Rg1 Qb7 28. Rad1 Qa8 29. Ngxf5 Nxf5 30. Nxf5 Rg8 31. Qe4 Rxg1+ 32. Bxg1 Kg8 33. Nxe7+ Kf8 34. Nc6 Bg7 35. Bh2 Qe8 36. Rg1 Nxd5 37. Qxd5 Rxe6 38. f5 1-0

[Event "ESP-chT Regional U16"]
[Site "Gijon"]
[Date "2021.06.20"]
[Round "6.3"]
[White "Lorente Serrano, Rosa Adela"]
[Black "Fuentes Guinot, Angel"]
[Result "1/2-1/2"]
[WhiteElo "2104"]
[BlackElo "1751"]
[PlyCount "36"]
[EventDate "2021.06.17"]
[EventType "team-swiss"]
[EventRounds "6"]
[EventCountry "ESP"]
[SourceTitle "EXT 2022"]
[Source "ChessBase"]
[SourceDate "2021.10.06"]
[SourceVersion "1"]
[SourceVersionDate "2021.10.06"]
[SourceQuality "1"]
[WhiteTeam "Andalucia U16"]
[BlackTeam "Navarra U16"]
[WhiteTeamCountry "ESP"]
[BlackTeamCountry "ESP"]

1. Nf3 d5 2. g3 Nf6 3. Bg2 Bf5 4. 0-0 e6 5. d3 Be7 6. c4 c6 7. Be3 dxc4 8. dxc4 Qxd1 9. Rxd1 Nbd7 10. Nc3 h6 11. Nd4 Bg6 12. h3 0-0 13. Rd2 Ne5 14. b3 Bb4 15. Rc1 Ba3 16. Rcd1 Bb4 17. Rc1 Ba3 18. Rcd1 Bb4 1/2-1/2

[Event "ESP-chT Regional U16"]
[Site "Gijon"]
[Date "2021.06.17"]
[Round "2.3"]
[White "Follana Albelda, Lucia"]
[Black "Fuentes Guinot, Angel"]
[Result "1-0"]
[WhiteElo "1893"]
[BlackElo "1751"]
[PlyCount "135"]
[EventDate "2021.06.17"]
[EventType "team-swiss"]
[EventRounds "6"]
[EventCountry "ESP"]
[SourceTitle "EXT 2022"]
[Source "ChessBase"]
[SourceDate "2021.10.06"]
[SourceVersion "1"]
[SourceVersionDate "2021.10.06"]
[SourceQuality "1"]
[WhiteTeam "Valencia U16"]
[BlackTeam "Navarra U16"]
[WhiteTeamCountry "ESP"]
[BlackTeamCountry "ESP"]

1. e4 c6 2. d4 d5 3. Nc3 dxe4 4. Nxe4 Nd7 5. c3 Ngf6 6. Ng3 e6 7. Bd3 c5 8. Nf3 Be7 9. 0-0 0-0 10. Qc2 b6 11. Be3 Bb7 12. Ng5 h6 13. N5e4 Qc7 14. Rad1 Rfd8 15. dxc5 Nxc5 16. Bxc5 bxc5 17. Nxf6+ Bxf6 18. Bh7+ Kh8 19. Be4 Be5 20. Bxb7 Qxb7 21. f4 Rxd1 22. Qxd1 Bf6 23. Qc2 Rb8 24. b3 a5 25. Ne4 Be7 26. f5 exf5 27. Rxf5 f6 28. c4 a4 29. bxa4 Qb4 30. Rf1 Qb2 31. Qxb2 Rxb2 32. Nc3 Bd8 33. Rb1 Rc2 34. Nd5 Kh7 35. Rb8 Ba5 36. Rb5 Be1 37. Kf1 Bf2 38. a3 Bd4 39. a5 Rxc4 40. Nb6 Rc3 41. a4 c4 42. a6 Bxb6 43. Rxb6 Ra3 44. Rb4 c3 45. Ke2 c2 46. Kd2 Rd3+ 47. Kxc2 Rd6 48. a5 Rxa6 49. Ra4 Kg6 50. Kc3 f5 51. Kc4 Kg5 52. Kb5 Ra8 53. Kb6 f4 54. a6 h5 55. a7 Kf5 56. Kb7 Re8 57. a8Q Rxa8 58. Rxa8 g5 59. Kc6 Kg4 60. Ra3 Kh4 61. Rh3+ Kg4 62. Kd5 h4 63. Ke4 f3 64. Rxf3 h3 65. Rg3+ Kh4 66. Rxh3+ Kg4 67. Rg3+ Kh4 68. Kf5 1-0